| 000 -CABECERA |
| fixed length control field |
03237nam a22003377a 4500 |
| 003 - IDENTIFICADOR DEL NÚMERO DE CONTROL |
| control field |
AR-CdUCM |
| 008 - DATOS DE LONGITUD FIJA--INFORMACIÓN GENERAL |
| fixed length control field |
190425b ||||| |||| 00| 0 spa d |
| 040 ## - FUENTE DE LA CATALOGACIÓN |
| Agencia/entidad que catalogó originalmente la obra |
MUNICIPALIDAD PROVINCIAL DEL CUSCO |
| Entidad que transcribió la catalogación |
BIBLIOTECA MUNICIPAL DEL CUSCO |
| 082 ## - NÚMERO DE LA CLASIFICACIÓN DECIMAL DEWEY |
| No. de Clasificación |
Rev.Univ/N°133/1985 |
| 110 ## - ENTRADA PRINCIPAL--NOMBRE DE ENTIDAD CORPORATIVA |
| Nombre de la institución, jurisdicción como entrada principal |
Universidad Nacional de San Antonio Abad del Cusco |
| 9 (RLIN) |
15942 |
| 245 ## - MENCIÓN DE TÍTULO |
| Título |
Revista Universitaria : |
| Resto del título |
Órgano de la Universidad del Cuzco / |
| 260 ## - PUBLICACIÓN, DISTRIBUCIÓN, ETC. |
| Lugar de publicación, distribución, etc. |
Cusco : |
| Nombre de la editorial, distribuidor, etc. |
Universidad Nacional de San Antonio Abad del Cusco, |
| Fecha de publicación, distribución, etc. |
1985. |
| 300 ## - DESCRIPCIÓN FÍSICA |
| Nº de Páginas Extensión |
375 páginas. : |
| Dimensiones |
20 cm. |
| 440 ## - MENCIÓN DE SERIE/PUNTO DE ACCESO ADICIONAL--TÍTULO |
| Título |
Revista Universitaria |
| Número de la parte/sección de una obra |
Año LXXI, 1985, N°133. |
| 9 (RLIN) |
46085 |
| 505 ## - NOTA DE CONTENIDO CON FORMATO |
| Nota de contenido formateada |
Contenido: Algunos insectos y ácaros de interés medico veterinario. José Escalante Gutiérrez. -- Comportamiento fisiológico del Jatacco Amaranthus Hibridus. Horacio Zamalloa Díaz Horacio. -- La producción de carnes en el departamento del Cusco y sus respectivas al año 2000. Dante Astete Canal. -- Reivindicar el ganado criollo una necesidad nacional. Mario Ruíz de Castilla Marín. -- Desechos urbanos del Cusco, problemática y alternativas. Juan Eduardo Gil Mora. -- Operación de Bricker nuestra experiencia. Humberto Covarrubias Campana. -- Exploración geotécnica del macizo rocoso para la construcción de la nueva central hidroeléctrica subterránea en Machu Picchu Cusco. Felipe Cárdenas Alemán. -- Estudio de las principales propiedades físico mecánicas de la albañilería de ladrillo en la ciudad del Cusco. Julio Rojas Bravo. -- Formación de la sociedad peruana precolombina una visión histórica. César Gonzales Mires. -- Por una reestructuración estructurante del programa académica de antropología. Oscar Murillo Serna -- Fuerza de trabajo en la comunidad campesina de Kuyo Grande. José Canal. -- La movilización social en la Arqueología. Rubén Acurio Moreno. -- Wachacuy o parto y alumbrado medicina folklorica. Nélida Silva Hurtado. -- Proceso Cultural del Perú. Rubén Bueno Pacheco. -- El mercado de contrabando y el empleo en el Cusco. Efraín Benítez Aragón. -- La protección legal del concubinato. Rolando Peralta Andía. -- Kcori Champi de Lizandro Caller la primera novela indigenista del Perú. Julio Miranda Bernal. -- La poesía Quechua y su restauración. René Farfán Barrios. -- Los múltiples aspectos del tiempo. Moisés Tello Palomino. -- El colegio de aplicación Fortunato Luciano Herrera requiere de un local modelo. Darío Olave Durán. -- Cusco pasado presente y futuro homenaje al Cusco. Manuel Chávez Ballón. -- Fundamentos de proyección social. Armando Barrionuevo Sánchez Armando. |
| 650 ## - PUNTO DE ACCESO ADICIONAL DE MATERIA--TÉRMINO DE MATERIA |
| Descriptor |
Antropología cusqueña |
| 9 (RLIN) |
45862 |
| 650 ## - PUNTO DE ACCESO ADICIONAL DE MATERIA--TÉRMINO DE MATERIA |
| Descriptor |
Arqueología cusqueña |
| 9 (RLIN) |
9322 |
| 650 ## - PUNTO DE ACCESO ADICIONAL DE MATERIA--TÉRMINO DE MATERIA |
| Descriptor |
Medicina tradicional |
| 9 (RLIN) |
14646 |
| 650 ## - PUNTO DE ACCESO ADICIONAL DE MATERIA--TÉRMINO DE MATERIA |
| Descriptor |
Literatura quechua |
| 9 (RLIN) |
7789 |
| 650 ## - PUNTO DE ACCESO ADICIONAL DE MATERIA--TÉRMINO DE MATERIA |
| Descriptor |
Comunidades campesinas |
| 9 (RLIN) |
2214 |
| 650 ## - PUNTO DE ACCESO ADICIONAL DE MATERIA--TÉRMINO DE MATERIA |
| Descriptor |
Folklore cusqueño |
| 9 (RLIN) |
8693 |
| 700 ## - PUNTO DE ACCESO ADICIONAL--NOMBRE DE PERSONA |
| Nombre Personal |
Murillo Serna, Oscar |
| 9 (RLIN) |
46084 |
| 700 ## - PUNTO DE ACCESO ADICIONAL--NOMBRE DE PERSONA |
| Nombre Personal |
Chávez Ballón, Manuel |
| 9 (RLIN) |
45977 |
| 700 ## - PUNTO DE ACCESO ADICIONAL--NOMBRE DE PERSONA |
| Nombre Personal |
Barrionuevo Sánchez, Armando |
| 9 (RLIN) |
31129 |
| 700 ## - PUNTO DE ACCESO ADICIONAL--NOMBRE DE PERSONA |
| Nombre Personal |
Farfán Barrios, René |
| 9 (RLIN) |
46086 |
| 700 ## - PUNTO DE ACCESO ADICIONAL--NOMBRE DE PERSONA |
| Nombre Personal |
Tello Palomino, Moisés |
| 9 (RLIN) |
17121 |
| 700 ## - PUNTO DE ACCESO ADICIONAL--NOMBRE DE PERSONA |
| Nombre Personal |
Zamalloa Díaz, Horacio |
| 9 (RLIN) |
46081 |
| 710 ## - PUNTO DE ACCESO ADICIONAL--NOMBRE DE ENTIDAD CORPORATIVA |
| Nombre corporativo (En letras Mayúsculas) |
Universidad Nacional de San Antonio Abad del Cusco |
| 9 (RLIN) |
15942 |
| 942 ## - ELEMENTOS DE PUNTO DE ACCESO ADICIONAL (KOHA) |
| Fuente de clasificación |
|
| Tipo de item |
Revistas cusqueñas |
| 945 ## - PROCESAMIENTO DE INFORMACIÓN LOCAL (OCLC) |
| Catalogador |
rac |